Dopady nárastu ochorenia COVID-19 na výnos a riziko

Analýza výnosu akcií a mier rizika CVaR a CDDaR. Výška dopadu jednotlivých vĺn prudkého nárastu infikovaných vírusom Covid-19 na ukazovatele výnosu a rizika na vybrané akcie.

Enregistré dans:
Détails bibliographiques
Auteur principal: Brezina, Ivan, 1963-
Autres auteurs: Pekár, Juraj, 1972-
Format: Chapitre de livre
Langue:slovaque
Sujets:
Tags: Ajouter un tag
Pas de tags, Soyez le premier à ajouter un tag!

MARC

LEADER 00000naa$a2200000$$$4500
001 0280106
005 20240502074339.0
041 0 |a slo 
044 |a SK 
245 1 0 |a Dopady nárastu ochorenia COVID-19 na výnos a riziko  |c Ivan Brezina, Juraj Pekár 
520 |a Analýza výnosu akcií a mier rizika CVaR a CDDaR. Výška dopadu jednotlivých vĺn prudkého nárastu infikovaných vírusom Covid-19 na ukazovatele výnosu a rizika na vybrané akcie. 
610 2 0 |a výnosy 
610 2 0 |a riziko 
610 2 0 |a akcie 
610 2 0 |a koronakríza 
100 1 |a Brezina, Ivan, 1963- 
700 1 |a Pekár, Juraj, 1972-